[Event "BCC Grand ReOpening 2007"]
[Site "?"]
[Date "2007.10.14"]
[Round "6"]
[White "Karp, Richard"]
[Black "Svoboda, Steven"]
[Result "0-1"]
[WhiteElo "1911"]
[BlackElo "1901"]
[PlyCount "119"]
[EventDate "2007.??.??"]
[SourceDate "2007.10.22"]

1. Nf3 Nf6 2. c4 g6 3. g3 Bg7 4. Bg2 d6 5. d4 Nbd7 6. Nc3 e5 7. e4 O-O 8. O-O
c6 9. h3 Qb6 10. Qb3 exd4 11. Qxb6 Nxb6 12. Nxd4 Nxc4 13. Rd1 Re8 14. Nde2 Bf8
15. b3 Ne5 16. Ba3 c5 17. Nb5 Rd8 18. Bxc5 Bxh3 19. Bxd6 Bxd6 20. Nxd6 Bg4 21.
Kf1 Nf3 22. e5 Nxe5 23. Nxb7 Rxd1+ 24. Rxd1 Nf3 25. Rd3 Nh2+ 26. Ke1 Bf5 27.
Rd4 Re8 28. Nd6 Re5 29. Nxf5 Rxf5 30. Ra4 a5 31. Nd4 Rc5 32. Kd2 Nhg4 33. f4
Nf2 34. Nc6 N6e4+ 35. Bxe4 Nxe4+ 36. Rxe4 Rxc6 37. Ra4 Rc5 38. g4 h5 39. gxh5
gxh5 40. b4 axb4 41. Rxb4 Kg7 42. a4 Kg6 43. Ke3 h4 44. f5+ Kg5 45. f6 Re5+ 46.
Kf3 Re1 47. Kg2 Re6 48. Kh3 Re3+ 49. Kh2 Ra3 50. Rb5+ Kg4 51. Rb4+ Kg5 52. Rb5+
Kxf6 53. Rb4 Kg5 54. Rb5+ f5 55. a5 Kg4 56. Rb4+ f4 57. Rb5 Ra2+ 58. Kg1 Kg3
59. Rb3+ f3 60. Rc3 {white's flag falls)} 0-1

[Event "Berkeley CC Ch2011 FNM; 30/90, SD/30"]
[Site "Berkeley"]
[Date "2011.12.16"]
[Round "7"]
[White "Kenny, Michael"]
[Black "Colchero, Alex"]
[Result "0-1"]
[WhiteElo "1815"]
[BlackElo "1639"]
[PlyCount "72"]
[EventDate "2011.??.??"]
[SourceDate "2007.10.22"]

1. d4 d5 2. Bf4 Nf6 3. e3 e6 4. Nf3 c6 5. c3 Be7 6. Bd3 O-O 7. h3 Nbd7 8. Nbd2
c5 9. O-O c4 10. Bc2 b5 11. b4 cxb3 12. axb3 Nb6 13. Bd3 a6 14. Bxb5 axb5 15.
Rxa8 Nxa8 16. b4 Bd6 17. Bxd6 Qxd6 18. Nb3 Ne4 19. Qd3 Nb6 20. Nc5 Na4 21. Qxb5
Naxc3 22. Qa5 Bd7 23. Nxd7 Qxd7 24. Ne5 Qb7 25. Ra1 Rc8 26. Nd3 h6 27. Nc5 Nxc5
28. bxc5 Qb2 29. Qa6 Kh7 30. Rf1 Rb8 31. c6 Qb6 32. Qd3+ Ne4 33. c7 Qxc7 34. f3
Qg3 35. fxe4 Rb2 36. exd5+ f5 0-1

[Event "Berkeley CS Rubinstein FNM; 30/90, SD/3"]
[Site "Berkeley"]
[Date "2011.08.19"]
[Round "4.10"]
[White "Kenny, Michael"]
[Black "Genirberg, Richard"]
[Result "1-0"]
[WhiteElo "1671"]
[BlackElo "1404"]
[PlyCount "37"]
[EventDate "2011.??.??"]
[SourceDate "2007.10.22"]

1. d4 Nf6 2. Bf4 g6 3. e3 Bg7 4. c3 O-O 5. Nf3 d5 6. Be2 b6 7. h3 Bb7 8. O-O
Nbd7 9. Nbd2 Rc8 10. Ne5 c5 11. Ndf3 c4 12. a4 Ne4 13. Nxd7 Qxd7 14. Ne5 Qe8
15. h4 f6 16. Nf3 e5 17. Bh2 Rc6 18. dxe5 fxe5 19. Qxd5+ 1-0

[Event "Berkeley CC Capablanca FNM; 30/90, SD/3"]
[Site "Berkeley"]
[Date "2011.09.16"]
[Round "1.4"]
[White "Kenny, Michael"]
[Black "Karas, Nicholas"]
[Result "1-0"]
[WhiteElo "1700"]
[BlackElo "2103"]
[PlyCount "74"]
[EventDate "2011.??.??"]
[SourceDate "2007.10.22"]

1. d4 Nf6 2. Nf3 g6 3. Bf4 Bg7 4. e3 O-O 5. h3 d6 6. c3 Nbd7 7. Be2 Qe8 8. O-O
e5 9. Bh2 e4 10. Nfd2 Nb6 11. c4 Nfd7 12. Nc3 f5 13. Rb1 a5 14. a3 a4 15. Nb5
Qd8 16. c5 dxc5 17. Bxc7 Qf6 18. dxc5 Nxc5 19. Bd6 Nbd7 20. Bxf8 Bxf8 21. Nc4
Nb3 22. Ncd6 Bxd6 23. Nxd6 Ndc5 24. Nxc8 Rxc8 25. Qd5+ Kg7 26. Rfd1 Rf8 27. Qd6
Qf7 28. Bb5 g5 29. Qe5+ Kg8 30. Rd6 Qg7 31. Bc4+ Kh8 32. Qd5 g4 33. hxg4 fxg4
34. Rd8 h6 35. Qd6 Rxd8 36. Qxd8+ Kh7 37. g3 b5 {remainder illegible} 1-0

[Event "Berkeley CC Christiansen FNM; 30/90, SD/"]
[Site "Berkeley"]
[Date "2012.05.25"]
[Round "3.5"]
[White "Kenny, Michael Joh"]
[Black "Matsuda, Leo"]
[Result "1-0"]
[WhiteElo "1771"]
[BlackElo "2057"]
[PlyCount "153"]
[EventDate "2012.??.??"]

1. d4 Nf6 2. Nf3 e6 3. Bf4 Be7 4. h3 b6 5. e3 Bb7 6. Bd3 Nc6 7. c3 O-O 8. O-O
d6 9. Bh2 d5 10. Nbd2 Nb8 11. Ne5 c5 12. a4 Nc6 13. Ndf3 Nd7 14. Nxd7 Qxd7 15.
Qe2 Rac8 16. Rfe1 Rfe8 17. Qc2 f5 18. Qe2 Bf6 19. Bb5 Qf7 20. Ne5 Bxe5 21. Bxe5
Red8 22. Bg3 Na5 23. Bd3 Nb3 24. Ra3 c4 25. Bc2 Na5 26. Be5 Bc6 27. Qf3 Bd7 28.
g4 g6 29. g5 Nc6 30. Bf6 Rf8 31. Qg3 Nb8 32. h4 Bc6 33. Be5 Nd7 34. Bd6 Rfe8
35. f4 a6 36. a5 b5 37. Kg2 Kg7 38. Rh1 Rh8 39. Raa1 h6 40. Qf2 Rh7 41. Rh2
Rch8 42. Rah1 hxg5 43. hxg5 Kg8 44. Kg1 Rxh2 45. Rxh2 Rh7 46. Rh4 Qg7 47. Qh2
Rxh4 48. Qxh4 Nf8 49. Kf2 Kf7 50. Ke2 Nd7 51. Kd2 Nf8 52. Be5 Qg8 53. Qh6 Nh7
54. b4 cxb3 55. Bxb3 Be8 56. Bd6 Bd7 57. Kc2 Ke8 58. Kb2 Kd8 59. Ka3 Qf7 60.
Kb4 Be8 61. Bc5 Qd7 62. Bd1 Qf7 63. Bb3 Kc7 64. Ba2 Kc6 65. Bb1 Qg8 66. Bd3 Bf7
67. Be2 Be8 68. Qh1 Nf8 69. Kb3 Nd7 70. Bb4 Kb7 71. Kb2 Nb8 72. Qh6 Bf7 73. Qf8
Qh7 74. Bd6 Nc6 75. Ka3 Bg8 76. Qe8 Qg7 77. Bxb5 1-0

[Event "Berkeley CC Ch2011 FNM; 30/90, SD/30"]
[Site "Berkeley"]
[Date "2011.12.02"]
[Round "5.11"]
[White "Kenny, Michael"]
[Black "Morcos, John"]
[Result "0-1"]
[WhiteElo "1815"]
[BlackElo "1853"]
[PlyCount "46"]
[EventDate "2011.??.??"]
[SourceDate "2007.10.22"]

1. d4 d5 2. Nf3 Nf6 3. Bf4 g6 4. e3 Bg7 5. h3 O-O 6. Be2 c5 7. c3 c4 8. a4 Qb6
9. Qc1 Nc6 10. O-O Na5 11. Nbd2 Bf5 12. Ra3 Ne4 13. Nxe4 Bxe4 14. Nd2 Bf5 15.
Bf3 Bd3 16. Re1 Rfd8 17. e4 e6 18. exd5 exd5 19. Be5 Bh6 20. Bd1 Re8 21. b4
cxb3 22. f4 b2 23. Rb3 bxc1=Q 0-1

[Event "Berkeley CC Capablanca FNM; 30/90, SD/3"]
[Site "Berkeley"]
[Date "2011.10.21"]
[Round "6.11"]
[White "Kenny, Michael"]
[Black "Quadir, Mahiuddin"]
[Result "0-1"]
[WhiteElo "1700"]
[BlackElo "1658"]
[PlyCount "80"]
[EventDate "2011.??.??"]
[SourceDate "2007.10.22"]

1. d4 Nf6 2. Nf3 e6 3. Bf4 d5 4. e3 c5 5. c3 Nbd7 6. Bd3 c4 7. Bc2 b5 8. a3 Bb7
9. h3 a5 10. Nbd2 b4 11. axb4 axb4 12. cxb4 Bxb4 13. O-O O-O 14. Rxa8 Qxa8 15.
Nb1 Qa2 16. Qc1 Ra8 17. Nc3 Qa5 18. Bb1 Bxc3 19. bxc3 Qa3 20. g4 Nb6 21. Bc2
Bc6 22. Bc7 Qa7 23. Bd6 Ba4 24. Bb1 Bb3 25. Nd2 Na4 26. e4 Ne8 27. Bb4 Nb6 28.
Re1 Nc7 29. Nxb3 cxb3 30. Qb2 Qa4 31. Bd6 Nc4 32. Qe2 Nxd6 33. exd5 Nxd5 34.
Qd3 g6 35. Qf3 Nc4 36. Rd1 b2 37. h4 Qb3 38. Kg2 Ra1 39. h5 Qxd1 40. Qxd1 Nde3+
0-1

[Event "Berkeley CC Christiansen FNM; 30/90, SD/"]
[Site "Berkeley"]
[Date "2012.06.08"]
[Round "5.6"]
[White "Kenny, Michael Joh"]
[Black "Sowell, Nelson M"]
[Result "1-0"]
[WhiteElo "1755"]
[BlackElo "1750"]
[PlyCount "72"]
[EventDate "2012.??.??"]

1. d4 Nf6 2. Nf3 e6 3. Bf4 b6 4. e3 Bb7 5. h3 Be7 6. Nbd2 O-O 7. Bd3 Nd5 8. Bg3
f5 9. Bh2 d6 10. c3 Nd7 11. Qb3 Kh8 12. e4 fxe4 13. Nxe4 Nf4 14. Bxf4 Rxf4 15.
Qc2 Nf8 16. O-O-O Rc8 17. h4 c5 18. Rde1 Bf6 19. Nfg5 cxd4 20. Nf7+ Kg8 21.
Nxd8 Bxe4 22. Rxe4 Rxe4 23. Bxe4 dxc3 24. Kb1 Rxd8 25. bxc3 Rc8 26. Rh3 d5 27.
Bd3 Rc5 28. g4 e5 29. g5 Bd8 30. Qe2 e4 31. Bc2 Ng6 32. Qg4 Bc7 33. Bb3 Nf4 34.
Re3 Kf8 35. f3 g6 36. fxe4 Rb5 1-0

[Event "Berkeley CS Rubinstein FNM; 30/90, SD/3"]
[Site "Berkeley"]
[Date "2011.08.26"]
[Round "5.8"]
[White "Kenny, Michael"]
[Black "Woebcke, Carl"]
[Result "1-0"]
[WhiteElo "1671"]
[BlackElo "1877"]
[PlyCount "44"]
[EventDate "2011.??.??"]
[SourceDate "2007.10.22"]

1. d4 d5 2. Nf3 e6 3. Bf4 c5 4. e3 Nc6 5. c3 Nf6 6. h3 c4 7. Be2 Bd6 8. Bg5 h6
9. Bf4 Bxf4 10. exf4 O-O 11. Na3 a6 12. Nc2 b5 13. O-O a5 14. a3 Qb6 15. Ne5
Ne4 16. Bf3 f5 17. Re1 Kh7 18. Kf1 Nxe5 19. fxe5 Qd8 20. g3 Ra7 21. Kg2 a4 22.
Rb1 Ra5 {remainder illegible} 1-0

[Event "Berkeley CC De Firmian FNM; 30/90, SD/30"]
[Site "Berkeley"]
[Date "2012.03.30"]
[Round "1.10"]
[White "Kenny, Michael Joh"]
[Black "Xu, Young"]
[Result "1-0"]
[WhiteElo "1780"]
[BlackElo "1157"]
[PlyCount "45"]
[EventDate "2012.??.??"]

1. e4 e5 2. Nf3 Nc6 3. Bb5 Nge7 4. Bc4 d5 5. exd5 Nxd5 6. O-O Bd6 7. Bxd5 O-O
8. Bxc6 bxc6 9. d3 Re8 10. Bg5 f6 11. Bh4 e4 12. dxe4 Rxe4 13. Nbd2 Re7 14. Re1
Rb8 15. b3 Rxe1+ 16. Qxe1 Bb4 17. Rd1 Bg4 18. Qe4 Bxf3 19. Qxf3 Bxd2 20. Qe2
Rb4 21. Rxd2 Rd4 22. Rxd4 Qxd4 23. Qe8# 1-0

[Event "Berkeley CC De Firmian FNM; 30/90, SD/30"]
[Site "Berkeley"]
[Date "2012.04.20"]
[Round "4.8"]
[White "Korts, David"]
[Black "Kenny, Michael Joh"]
[Result "0-1"]
[WhiteElo "1400"]
[BlackElo "1780"]
[PlyCount "122"]
[EventDate "2012.??.??"]

1. e4 e6 2. d4 d5 3. exd5 exd5 4. Nf3 c5 5. Bb5+ Bd7 6. Bxd7+ Nxd7 7. O-O Ngf6
8. Re1+ Be7 9. Qe2 Ne4 10. Nc3 Ndf6 11. dxc5 O-O 12. Ng5 Bxc5 13. Ncxe4 Nxe4
14. Nxe4 dxe4 15. Qxe4 Qd7 16. Be3 Rfe8 17. Qd3 Qxd3 18. cxd3 Bb4 19. Red1 Rec8
20. Rac1 a6 21. Rxc8+ Rxc8 22. Rc1 Rxc1+ 23. Bxc1 f5 24. a3 Bd6 25. f4 Kf7 26.
Kf2 Ke6 27. Ke3 Kd5 28. d4 Kc4 29. Bd2 Be7 30. Bc3 g6 31. h3 h5 32. Kf3 Bd8 33.
g4 b5 34. gxf5 gxf5 35. Ke3 a5 36. d5 Bb6+ 37. Kd2 Kxd5 38. Kd3 Bc7 39. Bd2 Bb6
40. b3 Bc5 41. b4 axb4 42. axb4 Bd6 43. h4 Bf8 44. Bc3 Bh6 45. Bd2 Bg7 46. Be3
Bf6 47. Bf2 Be7 48. Be1 Bd6 49. Bd2 Be7 50. Be1 Bf6 51. Bf2 Bb2 52. Be3 Ba1 53.
Bf2 Bb2 54. Be3 Bf6 55. Bf2 Bd8 56. Bg3 Bb6 57. Be1 Bg1 58. Bg3 Kc6 59. Kc3 Kd6
60. Kd2 Ke6 61. Kc3 Be3 0-1

[Event "Berkeley CC De Firmian FNM; 30/90, SD/30"]
[Site "Berkeley"]
[Date "2012.04.06"]
[Round "2.4"]
[White "Korts, David"]
[Black "Maser, Thomas F"]
[Result "0-1"]
[WhiteElo "1400"]
[BlackElo "1930"]
[PlyCount "52"]
[EventDate "2012.??.??"]

1. e4 e5 2. Nf3 Nc6 3. Bb5 a6 4. Ba4 d6 5. d4 b5 6. Bb3 Nxd4 7. Nxd4 exd4 8.
Qxd4 c5 9. Qd5 Be6 10. Qc6+ Bd7 11. Qd5 c4 12. Bxc4 bxc4 13. Qxc4 Nf6 14. Nc3
Be7 15. O-O O-O 16. Bf4 Qb6 17. Rab1 Rac8 18. Qd3 Be6 19. Nd5 Bxd5 20. exd5 Qc5
21. Rfe1 Nxd5 22. Be3 Nxe3 23. Rxe3 Bf6 24. c3 Qc6 25. Rd1 Rfe8 26. Qxd6 Red8
0-1

[Event "Berkeley CC Christiansen FNM; 30/90, SD/"]
[Site "Berkeley"]
[Date "2012.05.25"]
[Round "3.9"]
[White "Korts, David"]
[Black "Shan, Jonathan"]
[Result "1-0"]
[WhiteElo "1647"]
[BlackElo "1409"]
[PlyCount "71"]
[EventDate "2012.??.??"]

1. e4 c6 2. d4 d5 3. Nc3 dxe4 4. Nxe4 Bf5 5. Ng3 Bg6 6. Nf3 Nf6 7. Bd3 Bxd3 8.
Qxd3 Nbd7 9. O-O e6 10. Re1 Be7 11. c4 O-O 12. Bf4 h6 13. Rad1 Nb6 14. a3 c5
15. Qc2 Qc8 16. d5 Bd8 17. dxe6 fxe6 18. Bxh6 gxh6 19. Qg6+ Kh8 20. Qxh6+ Nh7
21. Nh5 Bf6 22. Ng5 Qc7 23. Nxe6 Qf7 24. Nxf8 Rxf8 25. Nxf6 Qxf6 26. Qxf6+ Nxf6
27. b3 Nfd7 28. Re7 a6 29. Rdxd7 Nxd7 30. Rxd7 b5 31. cxb5 axb5 32. Rd5 Rc8 33.
h4 c4 34. bxc4 bxc4 35. Rd1 c3 36. Rc1 1-0

[Event "Berkeley CC Christiansen FNM; 30/90, SD/"]
[Site "Berkeley"]
[Date "2012.06.08"]
[Round "5.8"]
[White "Korts, David"]
[Black "Shaughnessy, Eliza"]
[Result "0-1"]
[WhiteElo "1659"]
[BlackElo "1524"]
[PlyCount "100"]
[EventDate "2012.??.??"]

1. e4 e5 2. Nf3 Nc6 3. Bc4 Nf6 4. d4 exd4 5. e5 Ng4 6. Bxf7+ Kxf7 7. Ng5+ Kg8
8. Qxg4 Bb4+ 9. c3 d6 10. e6 dxc3 11. bxc3 Qf6 12. Ne4 Qe5 13. O-O Ba5 14. Re1
Bxe6 15. Nf6+ Qxf6 16. Rxe6 Ne5 17. Rxf6 Nxg4 18. Rf4 Re8 19. Bd2 h5 20. h3 Ne5
21. Na3 Nd3 22. Rd4 Ne5 23. Re1 Bb6 24. Rde4 Rf8 25. Be3 Bxe3 26. R1xe3 a6 27.
Nc4 Nxc4 28. Rxc4 Rf7 29. Re8+ Kh7 30. Rce4 Rxe8 31. Rxe8 Rd7 32. f3 Kg6 33.
Kf2 Kf7 34. Re4 Re7 35. Rb4 b6 36. g4 hxg4 37. hxg4 g5 38. f4 gxf4 39. Rxf4+
Kg6 40. Kf3 Rf7 41. Rxf7 Kxf7 42. Kf4 Kf6 43. a4 a5 44. g5+ Kg6 45. Kg4 d5 46.
Kf4 c6 47. Ke5 Kxg5 48. Kd6 b5 49. axb5 cxb5 50. Kc5 a4 0-1

[Event "Berkeley CC FNM; 30/90, SD/30"]
[Site "Berkeley"]
[Date "2009.06.05"]
[Round "6.1"]
[White "Krasnov, Steven"]
[Black "Andries, W Craig"]
[Result "0-1"]
[WhiteElo "1940"]
[BlackElo "1866"]
[PlyCount "42"]
[EventDate "2009.??.??"]
[SourceDate "2007.10.22"]

1. d4 e6 2. c4 d5 3. Nc3 c6 4. Nf3 f5 5. Qb3 Nf6 6. g3 Bd6 7. Bg2 O-O 8. O-O
Kh8 9. Bg5 Nbd7 10. Nd2 Qe8 11. f3 Qg6 12. Bxf6 Qxf6 13. e3 f4 14. gxf4 g5 15.
fxg5 Qxg5 16. f4 Qg6 17. Ne2 Nf6 18. Ng3 Rg8 19. e4 dxe4 20. Ndxe4 Nxe4 21. c5
Bc7 0-1

[Event "BCC Annual Championship"]
[Site "?"]
[Date "2008.10.24"]
[Round "1.3"]
[White "Krasnov, Steven"]
[Black "Cole, Tony"]
[Result "1-0"]
[WhiteElo "1961"]
[BlackElo "1355"]
[PlyCount "119"]
[EventDate "2008.??.??"]
[SourceDate "2007.10.22"]

1. Nf3 Nf6 2. c4 Nc6 3. d4 d5 4. Nc3 Bf5 5. e3 e6 6. cxd5 Nxd5 7. Bb5 Qd6 8.
O-O Bg4 9. e4 Nxc3 10. bxc3 a6 11. Be2 Be7 12. a4 O-O 13. d5 Ne5 14. Ba3 c5 15.
dxc6 Qxd1 16. Rfxd1 Nxc6 17. Bxe7 Nxe7 18. Rd7 Ng6 19. Rxb7 Nf4 20. Bd1 Rfd8
21. Kf1 Rd3 22. Rc7 Rad8 23. Bc2 R3d6 24. e5 Rb6 25. Nd4 g6 26. f3 Nd5 27. Rc5
Bf5 28. Bxf5 gxf5 29. Ne2 Ne3+ 30. Kf2 Nd5 31. Rd1 Rdb8 32. Rd2 Rb2 33. Rxb2
Rxb2 34. g3 f4 35. Rc4 fxg3+ 36. hxg3 Kg7 37. f4 Kg6 38. Kf3 h5 39. Rc6 Rb6 40.
Rc8 Ne7 41. Rc5 Nf5 42. a5 Rb7 43. Rc6 Ra7 44. Ke4 Ne7 45. Rd6 Nc8 46. Rd8 Ne7
47. Rd6 Nc8 48. Rc6 Ne7 49. Rc5 Nd5 50. c4 Nc7 51. Rc6 Kg7 52. Kd4 Kg6 53. Kc5
Na8 54. Nd4 Kg7 55. f5 exf5 56. Nxf5+ Kg8 57. Kd6 Kh7 58. Rc8 Kg6 59. Ne7+ Kg7
60. Nc6 1-0

[Event "BCC Adolf Anderssen Friday Night Marath"]
[Site "Berkeley"]
[Date "2009.01.16"]
[Round "2.6"]
[White "Krasnov, Steven"]
[Black "Craven, Richard M"]
[Result "1-0"]
[WhiteElo "1927"]
[BlackElo "1515"]
[PlyCount "35"]
[EventDate "2009.??.??"]
[SourceDate "2007.10.22"]

1. d4 d5 2. Nf3 e6 3. c4 Nf6 4. Nc3 Bb4 5. Bg5 O-O 6. e3 b6 7. Qc2 c5 8. Bd3 h6
9. Bh7+ Kh8 10. h4 dxc4 11. Be4 cxd4 12. exd4 Nc6 13. Bxc6 Rb8 14. O-O-O Bb7
15. Ne5 Bxc3 16. bxc3 Qd6 17. Bf4 Bxc6 18. Ng6+ 1-0

[Event "Berkeley CC Ch2011 FNM; 30/90, SD/30"]
[Site "Berkeley"]
[Date "2011.12.16"]
[Round "7"]
[White "Krasnov, Steven"]
[Black "Cunningham, Robin"]
[Result "1/2-1/2"]
[WhiteElo "1974"]
[BlackElo "2277"]
[PlyCount "56"]
[EventDate "2011.??.??"]
[SourceDate "2007.10.22"]

1. c4 e6 2. b3 d5 3. e3 Nf6 4. Bb2 c5 5. Nf3 Nc6 6. d4 Be7 7. dxc5 Bxc5 8. Be2
O-O 9. O-O a6 10. a3 dxc4 11. Qc2 Qe7 12. b4 Ba7 13. Qxc4 e5 14. Nbd2 Bf5 15.
Rfc1 Rad8 16. Nb3 Be6 17. Qc2 Bxb3 18. Qxb3 e4 19. Ne1 Ne5 20. Qc3 Bb8 21. h3
Nd5 22. Qc2 f5 23. Qc5 Qe6 24. Rd1 Nf6 25. Bxe5 Qxe5 26. Bc4+ Kh8 27. Qxe5 Bxe5
28. Rab1 g6 1/2-1/2

[Event "Berkeley CS Rubinstein FNM; 30/90, SD/3"]
[Site "Berkeley"]
[Date "2011.08.12"]
[Round "3.3"]
[White "Krasnov, Steven"]
[Black "Glasscoe, Alan"]
[Result "0-1"]
[WhiteElo "1983"]
[BlackElo "1800"]
[PlyCount "96"]
[EventDate "2011.??.??"]
[SourceDate "2007.10.22"]

1. c4 Nc6 2. d4 e5 3. d5 Nce7 4. e4 Ng6 5. Nf3 Bc5 6. Nc3 a6 7. a3 d6 8. b4 Ba7
9. h3 f5 10. Bd3 f4 11. Bb2 Nf6 12. Rc1 O-O 13. Ne2 Bd7 14. Qb3 Kh8 15. c5 Rc8
16. c6 bxc6 17. dxc6 Be8 18. O-O Rb8 19. Rc2 Ne7 20. Qa4 Bb6 21. Ng5 Bf7 22.
Qxa6 h6 23. Nxf7+ Rxf7 24. Qc4 Qf8 25. Nc3 Nh5 26. Nd5 Nxd5 27. exd5 f3 28. Qe4
g5 29. Kh2 fxg2 30. Kxg2 Nf4+ 31. Kg3 Nxd3 32. Qxd3 Qe7 33. Re2 Rbf8 34. Qg6
Rf6 35. Qh5 Kh7 36. f3 Rf4 37. Bc1 R8f5 38. Kg2 Rh4 39. Qg4 Rxg4+ 40. hxg4 Rf7
41. Rh1 Qf8 42. Bxg5 Rxf3 43. Rxh6+ Kg7 44. Re6 Rf2+ 45. Rxf2 Qxf2+ 46. Kh3
Qf1+ 47. Kg3 Bf2+ 48. Kf3 Bh4+ 0-1

[Event "Berkeley CC Santasiere FNM; 30/90, SD/3"]
[Site "Berkeley CA"]
[Date "2009.08.28"]
[Round "4.3"]
[White "Krasnov, Steven"]
[Black "Gonda, Thomas A"]
[Result "1-0"]
[WhiteElo "1893"]
[BlackElo "1629"]
[PlyCount "59"]
[EventDate "2009.??.??"]
[SourceDate "2007.10.22"]

1. d4 c6 2. Nf3 d5 3. e3 e6 4. c4 f5 5. Nbd2 Nd7 6. Be2 Ngf6 7. O-O Bd6 8. Qc2
O-O 9. b3 Ne4 10. Bb2 Qe7 11. a3 e5 12. dxe5 Nxe5 13. cxd5 cxd5 14. Nxe5 Bxe5
15. Nf3 Bxb2 16. Qxb2 f4 17. exf4 Rxf4 18. g3 Rf6 19. Rad1 Nc3 20. Qxc3 Qxe2
21. Nd4 Qh5 22. f3 Bh3 23. Rf2 Raf8 24. Re1 Qf7 25. Qc5 Bg4 26. Re7 Qg6 27.
Qxd5+ Kh8 28. Rxb7 Rd6 29. Qc5 Rc8 30. fxg4 1-0

[Event "Shorman Sunday Night Marathon"]
[Site "?"]
[Date "2008.01.20"]
[Round "5"]
[White "Krasnov, Steven"]
[Black "Gonda, Thomas"]
[Result "1-0"]
[WhiteElo "1973"]
[BlackElo "1390"]
[Annotator ",Elizabeth"]
[PlyCount "100"]
[EventDate "2008.??.??"]
[SourceDate "2007.10.22"]

1. Nf3 e6 2. g3 Nf6 3. Bg2 d5 4. c4 dxc4 5. Qa4+ Bd7 6. Qxc4 a6 7. a4 b5 8. Qc2
Nc6 9. Nc3 Rb8 10. O-O bxa4 11. Nxa4 Nb4 12. Qd1 Bb5 13. Nc3 Bc5 14. d4 Bb6 15.
Nxb5 axb5 16. Qb3 c5 17. Bf4 Rc8 18. dxc5 Bxc5 19. Be3 Qe7 20. Rfc1 O-O 21. Nd4
Nfd5 22. Bxd5 Nxd5 23. Qxb5 Nxe3 24. fxe3 e5 25. Nf5 Qg5 26. Rxc5 Rxc5 27. Qxc5
Qxf5 28. b4 Rc8 29. Qd5 Qg4 30. Ra8 h6 31. Rxc8+ Qxc8 32. Qxe5 Qc4 33. b5 Qxe2
34. b6 Qe1+ 35. Kg2 Qe2+ 36. Kh3 Qf1+ 37. Kg4 Qc4+ 38. Qd4 Qe6+ 39. Kf3 Qf5+
40. Ke2 Qc2+ 41. Qd2 Qc4+ 42. Kf2 Qc6 43. Qd8+ Kh7 44. Qc7 Qf6+ 45. Kg2 Qb2+
46. Kf3 Qf6+ 47. Ke4 Qg6+ 48. Kd4 Qf6+ 49. Kc4 Qe6+ 50. Kc5 Qa2 {
(white went on to win many many many queen and king moves later)} 1-0

[Event "Berkeley CC Ch2011 FNM; 30/90, SD/30"]
[Site "Berkeley"]
[Date "2011.12.09"]
[Round "6.2"]
[White "Krasnov, Steven"]
[Black "Karas, Nicholas"]
[Result "1-0"]
[WhiteElo "1974"]
[BlackElo "2120"]
[PlyCount "89"]
[EventDate "2011.??.??"]
[SourceDate "2007.10.22"]

1. c4 Nf6 2. d4 e6 3. Nf3 d5 4. e3 Bb4+ 5. Bd2 c5 6. cxd5 Nxd5 7. a3 Bxd2+ 8.
Qxd2 cxd4 9. Nxd4 O-O 10. Nc3 Nxc3 11. Qxc3 b6 12. Rd1 Qe7 13. Nb5 Bb7 14. Qc7
Qxc7 15. Nxc7 Nc6 16. Nxa8 Bxa8 17. Bb5 Ne5 18. O-O Rc8 19. h3 f5 20. f4 Nc6
21. Rd6 Kf7 22. Rc1 Ke7 23. Rcxc6 Bxc6 24. Rxc6 Rd8 25. Bc4 Rd2 26. Rxe6+ Kd7
27. Re5 Rxb2 28. Rxf5 Rc2 29. Bb5+ Ke7 30. a4 g6 31. Re5+ Kf6 32. Kh2 Ra2 33.
Kg3 a6 34. Bxa6 Rxa4 35. Bc8 Rb4 36. Kf3 Rb3 37. g4 h6 38. h4 Rb2 39. g5+ hxg5
40. hxg5+ Kf7 41. Be6+ Kg7 42. Bc4 Rb4 43. Bd3 Rb3 44. Rd5 b5 45. Bxb5 1-0

[Event "Berkeley CC Capablanca FNM; 30/90, SD/3"]
[Site "Berkeley"]
[Date "2011.09.23"]
[Round "2.3"]
[White "Krasnov, Steven"]
[Black "Kenny, Michael"]
[Result "1-0"]
[WhiteElo "1974"]
[BlackElo "1700"]
[PlyCount "57"]
[EventDate "2011.??.??"]
[SourceDate "2007.10.22"]

1. c4 c5 2. Nc3 Nc6 3. g3 g6 4. Bg2 Nf6 5. e3 e5 6. Nge2 d6 7. O-O Bg7 8. d4
cxd4 9. exd4 O-O 10. h3 exd4 11. Nxd4 Nxd4 12. Qxd4 Nh5 13. Qd2 a6 14. Rd1 Rb8
15. Qxd6 Qxd6 16. Rxd6 Be6 17. g4 Be5 18. Rxe6 fxe6 19. gxh5 gxh5 20. Be3 Rf7
21. Rc1 b6 22. b3 Bc7 23. Kf1 Rbf8 24. Rc2 Kh8 25. Na4 Rd7 26. Nxb6 Rd1+ 27.
Ke2 Rg1 28. Bf3 Rd8 29. Bxh5 {B time exp} 1-0

[Event "George Koltanowski Sunday Marathon"]
[Site "?"]
[Date "2007.11.11"]
[Round "4"]
[White "Krasnov, Steven"]
[Black "Landaw, Max"]
[Result "0-1"]
[WhiteElo "1960"]
[BlackElo "2121"]
[PlyCount "106"]
[EventDate "2007.10.28"]
[SourceDate "2007.10.22"]

1. Nf3 Nf6 2. c4 g6 3. Nc3 Bg7 4. d4 O-O 5. Bg5 d6 6. e3 c5 7. Be2 Na6 8. O-O
Nc7 9. Qd2 a6 10. Rfd1 Ne6 11. Bh4 Rb8 12. Rac1 Qe8 13. a4 Bd7 14. b3 Ng4 15.
h3 cxd4 16. Nxd4 Nxd4 17. exd4 Nh6 18. f3 Nf5 19. Bf2 e6 20. g4 Ne7 21. Bg3 Nc8
22. Ne4 e5 23. dxe5 Bxe5 24. c5 Bc6 25. Bf2 Bxe4 26. fxe4 Qe7 27. cxd6 Nxd6 28.
Bf3 Rfd8 29. Qb4 Qf6 30. Bg2 Qf4 31. Rc2 Rbc8 32. Rxc8 Rxc8 33. Qe1 Rc2 34. Qe3
Qh2+ 35. Kf1 Bf4 36. Qf3 Be5 37. Bg1 Qf4 38. Qxf4 Bxf4 39. Bd4 Ne8 40. e5 b5
41. axb5 axb5 42. Bd5 Nc7 43. Be4 Ra2 44. Bc3 Ne6 45. Rd5 Bg3 46. Rxb5 Rf2+ 47.
Kg1 Nf4 48. Rb8+ Kg7 49. e6+ Kh6 50. g5+ Kxg5 51. Bd2 Rxd2 52. Rb5+ Kf6 53. Bf3
Nxh3+ 0-1

[Event "Shorman Sunday Night Marathon"]
[Site "?"]
[Date "2007.12.16"]
[Round "2"]
[White "Krasnov, Steven"]
[Black "Leotaud, Glenn"]
[Result "1-0"]
[WhiteElo "1973"]
[BlackElo "1865"]
[PlyCount "71"]
[EventDate "2007.12.09"]
[SourceDate "2007.10.22"]

1. c4 Nf6 2. Nf3 e6 3. g3 d5 4. Bg2 c5 5. O-O Nc6 6. cxd5 exd5 7. d4 Bf5 8. a3
cxd4 9. Nxd4 Be4 10. f3 Bc5 11. e3 Bg6 12. b4 Bb6 13. Nc3 Rc8 14. Bb2 Ne5 15.
Qa4+ Ke7 16. Bh3 Bd3 17. Rfe1 Rc4 18. Qd1 Kf8 19. f4 Rxd4 20. fxe5 Bf5 21. exd4
Bxh3 22. exf6 gxf6 23. Qd2 Be6 24. Qh6+ Ke7 25. Rad1 Bc7 26. Rf1 f5 27. Bc1 Qc8
28. Rde1 Kd7 29. Nb5 Bb6 30. a4 Qc4 31. Rxe6 Bxd4+ 32. Nxd4 Qxd4+ 33. Qe3 Qxb4
34. Re5 Qd6 35. Ba3 d4 36. Re7+ 1-0

[Event "Purdy FNM; 30/90, SD/30"]
[Site "Berkeley"]
[Date "2010.01.15"]
[Round "2.5"]
[White "Krasnov, Steven L"]
[Black "Lesquillier, Walter"]
[Result "1-0"]
[WhiteElo "1913"]
[BlackElo "1678"]
[PlyCount "35"]
[EventDate "2010.??.??"]
[SourceDate "2007.10.22"]

1. d4 Nf6 2. c4 g6 3. g3 Bg7 4. Bg2 O-O 5. Nc3 d6 6. Nf3 Nbd7 7. O-O c6 8. e4
b5 9. cxb5 cxb5 10. e5 Ne8 11. e6 Rb8 12. exd7 Bxd7 13. Bf4 Nc7 14. Qd2 Re8 15.
Rfe1 b4 16. Ne2 Ne6 17. Bh6 Bh8 18. Nf4 1-0

[Event "Berkeley CC De Firmian FNM; 30/90, SD/30"]
[Site "Berkeley"]
[Date "2012.03.30"]
[Round "1.2"]
[White "Krasnov, Steven Le"]
[Black "Li Jr, William"]
[Result "1/2-1/2"]
[WhiteElo "2033"]
[BlackElo "1679"]
[PlyCount "67"]
[EventDate "2012.??.??"]

1. c4 Nf6 2. Nf3 d5 3. cxd5 Nxd5 4. Nc3 Nxc3 5. bxc3 c5 6. g3 g6 7. Bg2 Bg7 8.
O-O Nc6 9. Ba3 Qa5 10. Qc1 O-O 11. Re1 Rd8 12. e3 Rd3 13. Bf1 Bxc3 14. Bxd3
Bxa1 15. Bxc5 Bg4 16. Be2 Bf6 17. Qa3 Qxa3 18. Bxa3 Rc8 19. d4 e6 20. Kg2 Ne7
21. Bxe7 Bxe7 22. Ne5 Bxe2 23. Rxe2 f6 24. Nd3 b5 25. Rb2 a6 26. Kf3 Kf7 27. h4
Ke8 28. Ke4 Kd7 29. f4 Rc3 30. Rd2 b4 31. Nb2 f5+ 32. Kf3 Kc6 33. Ke2 Kd5 34.
Nd3 1/2-1/2